000 00347nam a2200145Ia 4500
008 230312s9999||||xx |||||||||||||| ||und||
020 _a9789699739934
082 _a891.4
_bFAR-Y
100 _aفیروز شاہ گیلانی
245 0 _aیاد ترکی
260 _bJamhori
_apak
_c2014
300 _a152
650 _aLiterature
942 _cBK
999 _c14871
_d14871